| 000 | 01582cam a2200385 i 4500 | ||
|---|---|---|---|
| 001 | 18215867 | ||
| 005 | 20250314115952.0 | ||
| 008 | 140708s2011 stk b 001 0 eng d | ||
| 010 | _a 2014431335 | ||
| 016 | 7 |
_a015770056 _2Uk |
|
| 020 | _a9781845861070 | ||
| 020 | _a1845861078 | ||
| 035 | _a(OCoLC)ocn703209265 | ||
| 040 |
_aCDX _beng _cCDX _erda _dOCLCQ _dYDXCP _dBWK _dUAB _dUKMGB _dOCLCQ _dOCLCO _dOCLCF _dOCLCQ _dOCLCA _dOCLCQ _dDLC |
||
| 042 | _alccopycat | ||
| 043 | _ae-uk-st | ||
| 050 | 0 | 0 |
_aKDC904 _b.Y8 2011 |
| 055 | 8 |
_aKF9805 _b.Y8 2011 _2kfmod |
|
| 082 | 0 | 4 |
_a347.41109 _bHON |
| 100 | 1 |
_aYu, Hong-Lin, _eauthor. _9128321 |
|
| 245 | 1 | 0 |
_aCommercial arbitration : _bthe Scottish and international perspectives / _cHong-Lin Yu, Ph. D., reader in law, University of Stirling ; foreword by the Hon Lord Dervaird. |
| 264 | 1 |
_aDundee : _bDundee University Press, _c2011. |
|
| 300 |
_axlvi, 363 pages ; _c24 cm |
||
| 336 |
_atext _btxt _2rdacontent |
||
| 337 |
_aunmediated _bn _2rdamedia |
||
| 338 |
_avolume _bnc _2rdacarrier |
||
| 504 | _aIncludes bibliographical references and index. | ||
| 650 | 0 |
_aArbitration and award _zScotland. _9128322 |
|
| 650 | 0 |
_aInternational commercial arbitration. _9114435 |
|
| 856 | 4 | 1 |
_3Table of contents only _uhttp://www.loc.gov/catdir/toc/fy14pdf05/2014431335.html |
| 856 | 4 | 2 |
_3Publisher description _uhttp://www.loc.gov/catdir/enhancements/fy1604/2014431335-d.html |
| 906 |
_a7 _bcbc _ccopycat _d2 _encip _f20 _gy-gencatlg |
||
| 942 |
_2ddc _cBK |
||
| 999 |
_c613329 _d613329 |
||